Роль гидрогеологии и инженерной геологии в формировании водного рынка; Проблемы геологии и освоения недр; Т. 1

Bibliografische gegevens
Parent link:Проблемы геологии и освоения недр: труды XVIII Международного симпозиума имени академика М. А. Усова студентов и молодых ученых, Томск, 7-11 апреля 2014 г./ Национальный исследовательский Томский политехнический университет (ТПУ), Институт природных ресурсов (ИПР) ; Общество инженеров-нефтяников, международная некоммерческая организация, Студенческий чаптер ; под ред. А. Ю. Дмитриева.— , 2014
Т. 1.— [С. 433-434]
Hoofdauteur: Попов В. К. Виктор Константинович
Coauteur: Национальный исследовательский Томский политехнический университет (ТПУ) Институт природных ресурсов (ИПР) Кафедра гидрогеологии, инженерной геологии и гидрогеоэкологии (ГИГЭ)
Samenvatting:Заглавие с экрана
Taal:Russisch
Gepubliceerd in:
Reeks:Гидрогеология и инженерная геология. Геоинформационные системы в гидрогеологических исследованиях
Onderwerpen:
Online toegang:http://earchive.tpu.ru/handle/11683/65892
http://www.lib.tpu.ru/fulltext/c/2014/C11/V1/204.pdf
Formaat: Elektronisch Hoofdstuk
KOHA link:https://koha.lib.tpu.ru/cgi-bin/koha/opac-detail.pl?biblionumber=608287

MARC

LEADER 00000naa2a2200000 4500
001 608287
005 20260319131029.0
035 |a (RuTPU)RU\TPU\conf\5717 
035 |a RU\TPU\conf\5716 
090 |a 608287 
100 |a 20140924d2014 k y0rusy50 ca 
101 0 |a rus 
102 |a RU 
135 |a drgn ---uucaa 
181 0 |a i  
182 0 |a b 
200 1 |a Роль гидрогеологии и инженерной геологии в формировании водного рынка  |f В. К. Попов 
203 |a Текст  |c электронный 
225 1 |a Гидрогеология и инженерная геология. Геоинформационные системы в гидрогеологических исследованиях 
300 |a Заглавие с экрана 
337 |a Adobe Reader 
461 1 |0 (RuTPU)RU\TPU\conf\5590  |t Проблемы геологии и освоения недр  |o труды XVIII Международного симпозиума имени академика М. А. Усова студентов и молодых ученых, Томск, 7-11 апреля 2014 г.  |o в 2 т.  |f Национальный исследовательский Томский политехнический университет (ТПУ), Институт природных ресурсов (ИПР) ; Общество инженеров-нефтяников, международная некоммерческая организация, Студенческий чаптер ; под ред. А. Ю. Дмитриева  |d 2014 
463 1 |0 (RuTPU)RU\TPU\conf\5592  |t Т. 1  |v [С. 433-434] 
610 1 |a труды учёных ТПУ 
610 1 |a электронный ресурс 
610 1 |a гидрогеология 
610 1 |a инженерная геология 
610 1 |a водная среда 
610 1 |a вода 
610 1 |a природные ресурсы 
610 1 |a водные объекты 
700 1 |a Попов  |b В. К.  |c геолог  |c профессор Томского политехнического университета, доктор геолого-минералогических наук  |f 1945-  |g Виктор Константинович  |3 (RuTPU)RU\TPU\pers\28185 
712 0 2 |a Национальный исследовательский Томский политехнический университет (ТПУ)  |b Институт природных ресурсов (ИПР)  |b Кафедра гидрогеологии, инженерной геологии и гидрогеоэкологии (ГИГЭ)  |3 (RuTPU)RU\TPU\col\18664 
801 2 |a RU  |b 63413507  |c 20210915  |g RCR 
856 4 |u http://earchive.tpu.ru/handle/11683/65892 
856 4 |u http://www.lib.tpu.ru/fulltext/c/2014/C11/V1/204.pdf 
942 |c BK